000
00316nam a2200133Ia 4500
008
190216s9999||||xx |||||||||||||| ||und||
100
_a
Eric Nagler
245
0
_a
Learning C++ A Hands On Approach
250
_a
1st Ed.
260
_b
Jaico Publishing House
_c
1998
300
_a
658
650
_a
Computer
942
_c
BK
999
_c
8628
_d
8628